| 000 | 006240000a22001810004500 | ||
|---|---|---|---|
| 003 | MACL | ||
| 005 | 20160216162808.0 | ||
| 008 | 160216b xxu||||| |||| 00| 0 eng d | ||
| 040 |
_aMACL _cmacl |
||
| 041 | _aHindi | ||
| 082 | _a294 | ||
| 100 |
_aसहाय डॉ. गंगा _938559 |
||
| 245 |
_aशतक त्रयम़ _bश्री भतृ हरि चरित्र एवम श्रृंगार नीति व वैराग्य शतक |
||
| 260 |
_bदीप पब्लिकेशन _c1999 _aआगरा |
||
| 350 | _a60 | ||
| 650 |
_aReligion _938560 |
||
| 942 |
_cHIN _k294 _2ddc |
||
| 999 |
_c29640 _d29640 |
||